| 000 | 00772nam a22001697a 4500 | ||
|---|---|---|---|
| 003 | OSt | ||
| 005 | 20251110173821.0 | ||
| 008 | 251106b |||||||| |||| 00| 0 eng d | ||
| 040 | _c0 | ||
| 082 | _aDPer 361.05 J826 January 2018 v. 65 n. 1 | ||
| 100 |
_aO'Loughlin, Julia I. _eauthor. _969284 |
||
| 245 |
_aAttachment avoidance, alexithymia, and gender: _bExamining their associations with distress disclosure tendencies and event-specific disclosure. _cJulia I. O'Loughlin, Daniel W. Cox, Jeffrey H. Kahn, and Amery D. Wu. |
||
| 260 |
_aU.S.A ; _bAmerican Psychological Association , _cJanuary 2018. |
||
| 300 |
_aVolume 65, pages 65-73 : _billustration ; _c28 cm. |
||
| 500 | _aJournal of Counseling Psychology, vol. 65, no. 1, pages 65-73, January 2018. | ||
| 942 |
_2ddc _cPER |
||
| 999 |
_c24166 _d24166 |
||